[Event "Treviso op-B 4th"]
[Site "Treviso"]
[Date "2023.04.02"]
[Round "5"]
[White "Pezzuti, Nicolo"]
[Black "De Bona, Filippo"]
[Result "0-1"]
[WhiteElo "999"]
[BlackElo "1450"]
[PlyCount "56"]
[EventDate "2023.03.31"]
[EventType "swiss"]
[EventRounds "5"]
[EventCountry "ITA"]
[SourceTitle "EXT 2024"]
[Source "ChessBase"]
[SourceDate "2023.10.10"]
[SourceVersion "1"]
[SourceVersionDate "2023.10.10"]
[SourceQuality "1"]

1. d4 d5 2. Bf4 Nf6 3. e3 c5 4. c3 Nc6 5. Bd3 cxd4 6. exd4 Bg4 7. Nf3 e6 8. 0-0 Bd6 9. Bxd6 Qxd6 10. Nbd2 Rc8 11. Re1 a6 12. Qc2 b5 13. a3 0-0 14. Rac1 g6 15. Qb1 Bxf3 16. Nxf3 Nd7 17. h4 Qf4 18. h5 Kg7 19. hxg6 hxg6 20. Re3 Nf6 21. Rce1 Ng4 22. Rxe6 fxe6 23. Rxe6 Rf6 24. Rxf6 Kxf6 25. Bxg6 Qh6 26. Qf5+ Ke7 27. Qf7+ Kd6 28. Ne5 Qc1# 0-1

[Event "Treviso op-B 4th"]
[Site "Treviso"]
[Date "2023.03.31"]
[Round "1"]
[White "Crestiani, Federico"]
[Black "Pezzuti, Nicolo"]
[Result "1-0"]
[WhiteElo "1503"]
[BlackElo "999"]
[PlyCount "97"]
[EventDate "2023.03.31"]
[EventType "swiss"]
[EventRounds "5"]
[EventCountry "ITA"]
[SourceTitle "EXT 2024"]
[Source "ChessBase"]
[SourceDate "2023.10.10"]
[SourceVersion "1"]
[SourceVersionDate "2023.10.10"]
[SourceQuality "1"]

1. d4 d5 2. Nf3 Bf5 3. Bf4 e6 4. e3 Nf6 5. c3 Bd6 6. Bg5 Nbd7 7. Bd3 Bg6 8. Qc2 Bxd3 9. Qxd3 c6 10. Nbd2 Qc7 11. h3 h6 12. Bxf6 Nxf6 13. e4 dxe4 14. Nxe4 Nxe4 15. Qxe4 0-0 16. 0-0 Rad8 17. Rfd1 Rfe8 18. Qc2 b6 19. Rd2 c5 20. Rad1 cxd4 21. Nxd4 Bc5 22. Nb5 Rxd2 23. Qxd2 Qb7 24. Qd7 Qxd7 25. Rxd7 a5 26. a3 Re7 27. Rd8+ Kh7 28. b4 axb4 29. axb4 Bxb4 30. cxb4 Rb7 31. Rd6 Rb8 32. Rd7 Kg6 33. Nd6 f6 34. Rb7 Rxb7 35. Nxb7 Kf5 36. Nd6+ Kf4 37. b5 Ke5 38. Nc4+ Kd5 39. Nxb6+ Kc5 40. Nc4 Kxb5 41. Nd6+ Kc5 42. Ne8 g5 43. Nxf6 Kd4 44. g4 Ke5 45. Ng8 Kf4 46. Nxh6 Kf3 47. Nf7 Kf4 48. Kg2 e5 49. f3 1-0